| 000 | 01157cam a2200325 4500 | ||
|---|---|---|---|
| 008 | 090401t1996 xxu||||| |||| 00| 0 eng d | ||
| 020 | _a0951486624 | ||
| 035 | _a(Sirsi) u76726 | ||
| 041 | _aeng | ||
| 050 | _a690.026 | ||
| 110 |
_aKing's College London _bCentre of Construction Law and Management _92173 |
||
| 245 | _aLegal obligations in construction : revised conference proceedings. | ||
| 260 |
_aLondon _bConstruction Law Press _c1996 |
||
| 300 | _axxxii,683p. ; 23cm. | ||
| 350 | _a38 | ||
| 520 | _aReprint of a work published in 1992 by the Centre of Construction Law and Management. | ||
| 650 | _aMANAGEMENT-DISPUTE AVOIDANCE, MANAGEMENT AND RESOLUTION-DISPUTE MANAGEMENT AND RESOLUTION-ARBITRATION | ||
| 650 | _aBUILT ENVIRONMENT-BUILDING CONTRACT FORMS | ||
| 650 | _aCOMPARATIVE LAW | ||
| 650 | _aCONSTRUCTION INDUSTRY | ||
| 650 |
_aDISPUTE RESOLUTION _96236 |
||
| 650 | _aEUROPEAN COMMUNITY | ||
| 650 | _aLEGAL OBLIGATIONS | ||
| 650 | _aTORT | ||
| 650 | _aUNITED STATES | ||
| 690 | _aBUILT ENVIRONMENT-BUILDING CONTRACT FORMS | ||
| 700 |
_aUff, John and Lavers, Anthony, _xEditor |
||
| 942 | _n0 | ||
| 948 | _c04/03/1997 | ||
| 999 |
_c96236 _d96236 |
||